000 00711cpmaa2200217 4500
001 mm 78000027
003 DLC
005 20260227111618.0
008 781212|||||||||||| eng
010 _amm 78000027
040 _aDLC
_edacs
_cDLC
_dDLC
072 7 _aC
_2lcmd
100 1 _aAllen, James,
_dactive 1805.
245 0 0 _aJames Allen indenture,
_f1805.
300 _a1
_fitem.
506 0 _aOpen to research.
546 _aCollection material in English.
580 _aForms part of: Miscellaneous Manuscripts collection.
999 _c39509
_d39509